| 000 | 00000nam 2200000za 4500 |
| 001 | 9.852290 |
| 003 | CaOODSP |
| 005 | 20221107154542 |
| 007 | cr ||||||||||| |
| 008 | 180223s1977 onc #o f000 0 eng d |
| 040 | |aCaOODSP|beng |
| 043 | |an-cn-qu |
| 086 | 1 |aR32-422/1977E-PDF |
| 245 | 04|aThe James Bay settlement |g[electronic resource] : |bstatistical fact sheet. |
| 260 | |a[Ottawa?] : |bClaims and Historical Research Centre, |c1977. |
| 300 | |a7, [2] p. |
| 500 | |aTitle from cover. |
| 500 | |aDigitized edition from print [produced by Indigenous and Northern Affairs Canada]. |
| 520 | |aStatistics and facts regarding the major elements of the James Bay Agreement. |
| 692 | 07|2gccst|aIndians |
| 692 | 07|2gccst|aAgreements |
| 692 | 07|2gccst|aLand claims |
| 710 | 2 |aTreaties and Historical Research Centre (Canada) |
| 710 | 1 |aCanada. |bIndian and Northern Affairs Canada. |
| 856 | 40|qPDF|s1.04 MB|uhttps://publications.gc.ca/collections/collection_2018/aanc-inac/R32-422-1977-eng.pdf |